Library Logo

Pioneer International University Library Catalogue

Culture of complaint : (Record no. 3121)

MARC details
000 -LEADER
fixed length control field 00588cam a2200181 a 4500
005 - DATE AND TIME OF LATEST TRANSACTION
control field 20250901165402.0
008 - FIXED-LENGTH DATA ELEMENTS--GENERAL INFORMATION
fixed length control field 921103s1993 nyu b 000 0 eng
010 ## - LIBRARY OF CONGRESS CONTROL NUMBER
LC control number 92039678
020 ## - INTERNATIONAL STANDARD BOOK NUMBER
International Standard Book Number 0195076761 (alk. paper) :
Terms of availability $19.95
050 00 - LIBRARY OF CONGRESS CALL NUMBER
Classification number NX180.S6 .H84 1993
Item number H85 1993
082 00 - DEWEY DECIMAL CLASSIFICATION NUMBER
Classification number 700/.1/0309730904
Edition information 20
100 1# - MAIN ENTRY--PERSONAL NAME
Personal name Hughes, Robert,
Dates associated with a name 1938-2012.
245 10 - TITLE STATEMENT
Title Culture of complaint :
Remainder of title the fraying of America /
Statement of responsibility, etc. Robert Hughes.
260 ## - PUBLICATION, DISTRIBUTION, ETC.
Place of publication, distribution, etc. New York :
Name of publisher, distributor, etc. Oxford University Press,
Date of publication, distribution, etc. 1993.
300 ## - PHYSICAL DESCRIPTION
Extent xiii, 210 p. ;
Dimensions 22 cm.
500 ## - GENERAL NOTE
General note Based on a series of lectures.
942 ## - ADDED ENTRY ELEMENTS (KOHA)
Source of classification or shelving scheme Dewey Decimal Classification
Holdings
Withdrawn status Lost status Source of classification or shelving scheme Damaged status Not for loan Home library Current library Shelving location Date acquired Total checkouts Full call number Barcode Date last seen Price effective from Koha item type
    Library of Congress Classification     Main Library Main Library   03/19/2021   NX180.S6 .H84 1993 PIU0007912 03/19/2021 03/19/2021 Books